Online katalóg knižníc regiónu Turca

Čas snívania (Record no. 22465)

MARC details
000 -LEADER
fixed length control field 00963cam a2200325 a 4500
001 - CONTROL NUMBER
control field 22465
003 - CONTROL NUMBER IDENTIFIER
control field SK-KTurca
005 - DATE AND TIME OF LATEST TRANSACTION
control field 20260328130627.0
008 - FIXED-LENGTH DATA ELEMENTS--GENERAL INFORMATION
fixed length control field 240318s1994 xo e 0000f slo
015 ## - NATIONAL BIBLIOGRAPHY NUMBER
National bibliography number SNBA1995/05
020 ## - INTERNATIONAL STANDARD BOOK NUMBER
International Standard Book Number 8088733197
020 ## - INTERNATIONAL STANDARD BOOK NUMBER
International Standard Book Number 8088733189
Qualifying information (sub.)
035 ## - SYSTEM CONTROL NUMBER
System control number SNK000021535
040 ## - CATALOGING SOURCE
Original cataloging agency SNK
Language of cataloging slo
Transcribing agency SNK
Description conventions AACR2
041 1# - LANGUAGE CODE
Language code of text/sound track or separate title slo
Language code of original eng
044 ## - COUNTRY OF PUBLISHING/PRODUCING ENTITY CODE
MARC country code xo
ISO country code SK
080 ## - UNIVERSAL DECIMAL CLASSIFICATION NUMBER
Universal Decimal Classification number 820 (94)-3
Edition identifier 1981
100 1# - MAIN ENTRY--PERSONAL NAME
Personal name Martyn, Norma,
Dates associated with a name 1921-2004
Relationship aut
240 14 - UNIFORM TITLE
Uniform title The Dreamtime Legacy
Language of a work Slovensky
245 10 - TITLE STATEMENT
Title Čas snívania
Number of part/section of a work 1. diel
Statement of responsibility, etc. Norma Martynová ; preložil Alojz Keníž
260 ## - PUBLICATION, DISTRIBUTION, ETC.
Place of publication, distribution, etc. Bratislava
Name of publisher, distributor, etc. Aktuell
Date of publication, distribution, etc. 1994
300 ## - PHYSICAL DESCRIPTION
Extent 285 s.
Dimensions 21 cm
500 ## - GENERAL NOTE
General note Preložené z angličtiny
655 #7 - INDEX TERM--GENRE/FORM
Genre/form data or focus term austrálske romány
Source of term SNKPH
655 #7 - INDEX TERM--GENRE/FORM
Genre/form data or focus term psychologické romány
Source of term SNKPH
700 1# - ADDED ENTRY--PERSONAL NAME
Personal name Keníž, Alojz,
Dates associated with a name 1952-
Relationship trl
942 ## - ADDED ENTRY ELEMENTS (KOHA)
Source of classification or shelving scheme Dewey Decimal Classification
Koha item type Krásna literatúra pre dospelých
Suppress in OPAC No
Holdings
Stav vyradenia Strata Poškodenie Spôsob nadobudnutia Domovská knižnica Aktuálna knižnica Dátum nadobudnutia Total checkouts Čiarový kód exemplára Date last seen Typ exemplára Verejná poznámka
      Dar Obecná knižnica Horná Štubňa Obecná knižnica Horná Štubňa 28.03.2026   4736202032 28.03.2026 Krásna literatúra pre dospelých 3. diel
Projekt je podporený Slovenskou asociáciou knižníc
Prevádzkuje Turčianska knižnica Martin 2026